Gardaland Rides - Statistics

General Stats
  • This quiz has been taken 28 times
  • The average score is 22 of 62
Answer Stats
Opening Year Attraction % Correct
2011 Raptor
100%
1998 Blue Tornado
85%
2015 Oblivion: The Black Hole
85%
1985 Shaman⁽ᴹᵃᵍᶦᶜ ᴹᵒᵘⁿᵗᵃᶦⁿ⁾
85%
1984 Colorado Boat
80%
2008 Mammut
80%
2016 Kung Fu Panda Master
75%
2005-2020⁽ʳᵉᵐᵒᵛᵉᵈ⁾ Sequoia Adventure⁽ˢᵉᵠᵘᵒᶦᵃ ᴹᵃᵍᶦᶜ ᴸᵒᵒᵖ⁾
75%
1998 Space Vertigo
75%
2004 Fuga Da Atlantide
70%
1975 TransGardaland Express
70%
1992 I Corsari: La Vandetta Del Fantasma
65%
1999 Jungle Rapids
65%
2001 Magic House
65%
2007 Cinema 4D Experience
60%
2000 Flying Island
60%
2022 Jumanji - The Adventure
60%
2023 Jumanji - The Labyrinth
60%
2001 Volaplano
60%
1990 Monorotaia
55%
1990 Ortobruco Tour
55%
2001 Doremifarm
50%
2009-2020⁽ʳᵉᵐᵒᵛᵉᵈ⁾ Ramses: Il Risveglio
45%
2001 Funny Express
40%
1988 Giostra Cavalli
40%
2023 Il Bosco degli Gnomi
40%
2016 (1993) Mr Ping's Noodle Surprise
40%
1986 Peter Pan
40%
2018 Il Trenino di Nonno Pig
35%
2018 La Casa di Peppa Pig
30%
1999-2010⁽ʳᵉᵐᵒᵛᵉᵈ⁾ Tunga: The Apeman
30%
2019-2020⁽ʳᵉᵐᵒᵛᵉᵈ⁾ Foresta Incantata
25%
2002 L'Albero di Prezzemolo
25%
1987-2008⁽ʳᵉᵐᵒᵛᵉᵈ⁾ La Valle Dei Re
25%
2000 Baby Pilota
20%
1975-2008⁽ʳᵉᵐᵒᵛᵉᵈ⁾ Canyons
20%
1995-2001⁽ʳᵉᵐᵒᵛᵉᵈ⁾ Castello Di Mago Merlino
20%
1989-2011⁽ʳᵉᵐᵒᵛᵉᵈ⁾ Ikarus
20%
1975-1999 ⁽ʳᵉᵐᵒᵛᵉᵈ⁾ Safari Africano
20%
1993-2015⁽ʳᵉᵐᵒᵛᵉᵈ⁾ Top Spin
20%
2018 La Mongolfiera di Peppa Pig
15%
2001-2018⁽ʳᵉᵐᵒᵛᵉᵈ⁾ Saltomatto
15%
2010-2011⁽ʳᵉᵐᵒᵛᵉᵈ⁾ Inferis: Il Labirinto Del Terrore
10%
2018 L'Isola dei Pirati
10%
2004-2016⁽ʳᵉᵐᵒᵛᵉᵈ⁾ The Spectacular 4D Adventure⁽ᵀʰᵉ ˢᵖᵉᶜᵗᵃᶜᵘˡᵃʳ ᴬᵈᵛᵉⁿᵗᵘʳᵉ ᶜᶦⁿᵉᵐᵃ⁾
10%
1990-2001⁽ʳᵉᵐᵒᵛᵉᵈ⁾ Cinema Dinamico
5%
1986-1992⁽ʳᵉᵐᵒᵛᵉᵈ⁾ Cinema Tridimensionale
5%
1975-1983⁽ʳᵉᵐᵒᵛᵉᵈ⁾ Mini-Treno West
5%
1993-1999⁽ʳᵉᵐᵒᵛᵉᵈ⁾ Moonraker
5%
1975-1979⁽ʳᵉᵐᵒᵛᵉᵈ⁾ Rodeo
5%
1975-1993⁽ʳᵉᵐᵒᵛᵉᵈ⁾ UFO
5%
1975-1989⁽ʳᵉᵐᵒᵛᵉᵈ⁾ Villaggio a Fumetti
5%
1995-1999⁽ʳᵉᵐᵒᵛᵉᵈ⁾ Baby Carousel
0%
1983-1995⁽ʳᵉᵐᵒᵛᵉᵈ⁾ Castello Del Conte Dracula
0%
1979-1982⁽ʳᵉᵐᵒᵛᵉᵈ⁾ Crazy House
0%
1975-1987⁽ʳᵉᵐᵒᵛᵉᵈ⁾ Labirinto Giapponese
0%
1982-2005⁽ʳᵉᵐᵒᵛᵉᵈ⁾ Panoramic Tour
0%
1975-1987⁽ʳᵉᵐᵒᵛᵉᵈ⁾ Parco Giochi
0%
2011-2014⁽ʳᵉᵐᵒᵛᵉᵈ⁾ Prezzemolo's Labyrinth
0%
1986-1992⁽ʳᵉᵐᵒᵛᵉᵈ⁾ Ruota Panoramica
0%
1995-1999⁽ʳᵉᵐᵒᵛᵉᵈ⁾ Space Lab
0%
1990-1999⁽ʳᵉᵐᵒᵛᵉᵈ⁾ Villaggio Degli Elfi
0%
No matching quizzes found
Score Distribution
Percent of People with Each Score
Percentile by Number Answered
Your Score History
You have not taken this quiz